Regions of Spain by Picture - Statistics

General Stats
  • This quiz has been taken 46 times
  • The average score is 10 of 17
Answer Stats
Picture Answer % Correct
Catalonia
91%
Andalusia
85%
Valencia
79%
Basque Country
76%
Madrid
71%
Balearic Islands
62%
Canary Islands
62%
Galicia
59%
Asturias
56%
Extremadura
56%
Murcia
56%
Cantabria
50%
Castile and León
50%
Aragon
47%
Castilla-La Mancha
47%
La Rioja
47%
Navarre
44%
No matching quizzes found
Score Distribution
Percent of People with Each Score
Percentile by Number Answered
Your Score History
You have not taken this quiz